Normal view
MARC view
- Zegeer, Sharon F.
Entry Personal Name
001 - CONTROL NUMBER
- control field: 21713
003 - CONTROL NUMBER IDENTIFIER
- control field: NUST
005 - DATE AND TIME OF LATEST TRANSACTION
- control field: 20190927094702.0
008 - FIXED-LENGTH DATA ELEMENTS
- fixed length control field: 190927|| aca||aabn | a|a d
040 ## - CATALOGING SOURCE
- Original cataloging agency: NUST
- Transcribing agency: NUST
100 ## - HEADING--PERSONAL NAME
- Personal name: Zegeer, Sharon F.
670 ## - SOURCE DATA FOUND
- Source citation: Work cat.: (NUST)0: Zegeer, Charles V. 21521, Pedestrians and traffic control measures /, [1988]
